STRANGER THAN FANFICTION / (Record no. 169854)

MARC details
000 -LEADER
fixed length control field 01836aam a2200373 i 4500
001 - CONTROL NUMBER
control field vtls000837177
003 - CONTROL NUMBER IDENTIFIER
control field PNM
005 - DATE AND TIME OF LATEST TRANSACTION
control field 20181015104349.0
007 - PHYSICAL DESCRIPTION FIXED FIELD--GENERAL INFORMATION
fixed length control field ta
008 - FIXED-LENGTH DATA ELEMENTS--GENERAL INFORMATION
fixed length control field 170915t20172017nyu e 000 1 eng d
020 ## - INTERNATIONAL STANDARD BOOK NUMBER
International Standard Book Number 9780316383448
Qualifying information hardback
Terms of availability RM98.90
039 #9 - LEVEL OF BIBLIOGRAPHIC CONTROL AND CODING DETAIL [OBSOLETE]
Level of rules in bibliographic description 201802120851
Level of effort used to assign nonsubject heading access points irfah
Level of effort used to assign subject headings 201802061119
Level of effort used to assign classification azeantie
Level of effort used to assign subject headings 201802061118
Level of effort used to assign classification azeantie
040 ## - CATALOGING SOURCE
Original cataloging agency PNM
Language of cataloging eng
Transcribing agency PNM
Description conventions rda
Modifying agency PPAK
049 ## - LOCAL HOLDINGS (OCLC)
Holding library klp
082 04 - DEWEY DECIMAL CLASSIFICATION NUMBER
Classification number 823
Edition number 23
090 00 - LOCALLY ASSIGNED LC-TYPE CALL NUMBER (OCLC); LOCAL CALL NUMBER (RLIN)
Classification number (OCLC) (R) ; Classification number, CALL (RLIN) (NR) 823
Feature heading COL
Feature heading G
100 1# - MAIN ENTRY--PERSONAL NAME
Personal name Colfer, Chris,
Dates associated with a name 1990-
Relator term author.
245 10 - TITLE STATEMENT
Title STRANGER THAN FANFICTION /
Statement of responsibility, etc. BY CHRIS COLFER
250 ## - EDITION STATEMENT
Edition statement First Edition
264 #1 - PRODUCTION, PUBLICATION, DISTRIBUTION, MANUFACTURE, AND COPYRIGHT NOTICE
Place of production, publication, distribution, manufacture New York :
Name of producer, publisher, distributor, manufacturer Little, Brown and Company,
Date of production, publication, distribution, manufacture, or copyright notice 2017
Date of production, publication, distribution, manufacture, or copyright notice © 2017
300 ## - PHYSICAL DESCRIPTION
Extent 295 pages ;
Dimensions 22 cm
336 ## - CONTENT TYPE
Content type term text
Source rdacontent
337 ## - MEDIA TYPE
Media type term unmediated
Source rdamedia
338 ## - CARRIER TYPE
Carrier type term volume
Source rdacarrier
520 ## - SUMMARY, ETC.
Summary, etc. Cash Carter, the young, world-famous lead actor of the hit television show Wiz Kids, is a favorite of the tabloids and paparazzi, who take notice of his every move. When four fans jokingly invite him on a cross-country road trip, they are shocked when he actually accepts their invitation. Getting a taste of the spotlight, this unlikely crew takes off on a journey of narrow escapes from photographers, not-so-glamorous mishaps, and surprise turns. But along the way they discover that the star they love isn't the picture-perfect person they've seen on TV. Cash Carter has secrets--big ones that no one else knows about--and they just might tear his image apart. A novel about the truth behind power, fame, and the meaning of friendship, on a hilarious, life-changing adventure across the States.
650 10 - SUBJECT ADDED ENTRY--TOPICAL TERM
Topical term or geographic name entry element English fiction
Topical term or geographic name entry element Life change events
Form subdivision Fiction
Topical term or geographic name entry element Celebrities
Form subdivision Fiction
942 ## - ADDED ENTRY ELEMENTS (KOHA)
Source of classification or shelving scheme Dewey Decimal Classification
Koha item type Book
949 ## - LOCAL PROCESSING INFORMATION (OCLC)
6 1001387985
6 1001387986
6 1001387987
Holdings
Withdrawn Not for loan Current library Shelving location Date acquired Total Checkouts Full call number Barcode Date last seen Date last checked out Koha item type Total Renewals
    Perpustakaan Alor Setar Pinjaman Dewasa 23/10/2018 2 823 COL A01582627 07/12/2024 02/11/2024 Book  
    Perpustakaan Alor Setar Pinjaman Dewasa 23/10/2018 2 823 COL A01582628 10/11/2020 18/10/2020 Book  
    Perpustakaan Awam Sungai Petani Pinjaman Dewasa 23/10/2018 2 823 COL A01582629 18/12/2021 11/12/2021 Book  
    Perpustakaan Jitra Pinjaman Dewasa 23/10/2018   823 COL A01582630 23/10/2018   Book  
    Perpustakaan Kulim Pinjaman Dewasa 23/10/2018 1 823 COL A01582632 10/07/2019 19/06/2019 Book  
    Perpustakaan Langkawi Pinjaman Dewasa 23/10/2018 4 823 COL A01582631 19/09/2022 05/09/2022 Book 3